Normal view
MARC view
Entry Término temático
001 - NÚMERO DE CONTROL
- campo de control: 182185
003 - IDENTIFICADOR DEL NÚMERO DE CONTROL
- campo de control: OSt
005 - FECHA Y HORA DE LA ÚLTIMA TRANSACCIÓN
- campo de control: 20220826175914.0
008 - DATOS DE LONGITUD FIJA
- campo de control de longitud fija: 220601|| aca||aabn | a|a d
040 ## - FUENTE DE LA CATALOGACIÓN
- Centro catalogador/agencia de origen: mxchpua
- Centro/agencia transcriptor: OSt
150 1# - ENCABEZAMIENTO--TÉRMINO DE MATERIA
- Término de materia o nombre geográfico como elemento de entrada: Sanitation standard operating procedures
670 ## - FUENTE DE DATOS ENCONTRADOS
- Cita de la fuente: Work cat.: (OSt)214955: Cortés Sánchez, Idalia 28398, Normatividad a cumplir en cuanto a inocuidad alimentaria en empresas TIF que operan en Yucatán, México / Idalia Cortés Sánchez
